Online katalóg knižníc regiónu Turca

Piesok si nič nepamätá ; Pelech filozofov (Record no. 20710)

MARC details
000 -LEADER
fixed length control field 01186nam a2200349 a 4500
001 - CONTROL NUMBER
control field 20710
003 - CONTROL NUMBER IDENTIFIER
control field VRT
005 - DATE AND TIME OF LATEST TRANSACTION
control field 20260130123324.0
008 - FIXED-LENGTH DATA ELEMENTS--GENERAL INFORMATION
fixed length control field 950616s1988 xo g 000 f slo c
035 ## - SYSTEM CONTROL NUMBER
System control number UKB000067374
039 #9 - LEVEL OF BIBLIOGRAPHIC CONTROL AND CODING DETAIL [OBSOLETE]
Level of rules in bibliographic description 202212130903
Level of effort used to assign nonsubject heading access points fuskovaz
Level of effort used to assign subject headings 202210190807
Level of effort used to assign classification fuskovaz
Level of effort used to assign subject headings 201308200934
Level of effort used to assign classification gluc
Level of effort used to assign subject headings 201308200918
Level of effort used to assign classification gluc
040 ## - CATALOGING SOURCE
Original cataloging agency BAA001
Language of cataloging slo
Transcribing agency BAA001
Description conventions AACR2
041 1# - LANGUAGE CODE
Language code of text/sound track or separate title slo
Language code of original ita
044 ## - COUNTRY OF PUBLISHING/PRODUCING ENTITY CODE
MARC country code xo
ISO country code SK
080 ## - UNIVERSAL DECIMAL CLASSIFICATION NUMBER
Universal Decimal Classification number 850-312.4 SCERBANENCO,G.
100 1# - MAIN ENTRY--PERSONAL NAME
Personal name Scerbanenco, Giorgio,
Dates associated with a name 1911-1969
240 10 - UNIFORM TITLE
Uniform title Sabbia non ricorda.
Language of a work Slovensky
245 10 - TITLE STATEMENT
Title Piesok si nič nepamätá ; Pelech filozofov
Statement of responsibility, etc. Giorgio Scerbanenco ; z tal. orig. prel. Oľga Pažítková
260 ## - PUBLICATION, DISTRIBUTION, ETC.
Place of publication, distribution, etc. Bratislava
Name of publisher, distributor, etc. Slovenský spisovateľ
Date of publication, distribution, etc. 1988
300 ## - PHYSICAL DESCRIPTION
Extent 373 s.
490 1# - SERIES STATEMENT
Series statement Zelená knižnica
530 ## - ADDITIONAL PHYSICAL FORM AVAILABLE NOTE
Additional physical form available note Dostupný aj zvukový záznam
653 ## - INDEX TERM--UNCONTROLLED
Uncontrolled term 850-312.4 SCERBANENCO,G.
700 1# - ADDED ENTRY--PERSONAL NAME
Personal name Pažítková, Oľga,
Dates associated with a name 1952-
Relationship trl
740 02 - ADDED ENTRY--UNCONTROLLED RELATED/ANALYTICAL TITLE
Uncontrolled related/analytical title Pelech filozofov
776 0# - ADDITIONAL PHYSICAL FORM ENTRY
Title Pelech filozofov
Relationship information [zvukový záznam]
776 0# - ADDITIONAL PHYSICAL FORM ENTRY
Title Piesok si nič nepamätá
Relationship information [zvukový záznam]
830 #0 - SERIES ADDED ENTRY--UNIFORM TITLE
Uniform title Zelená knižnica
910 ## - USER-OPTION DATA (OCLC)
User-option data ukb
942 ## - ADDED ENTRY ELEMENTS (KOHA)
Source of classification or shelving scheme Dewey Decimal Classification
Koha item type Krásna literatúra pre dospelých
Suppress in OPAC No
949 ## - LOCAL PROCESSING INFORMATION (OCLC)
6 18001769718
a SL.D.08259
b PV.1599-89
Holdings
Stav vyradenia Strata Poškodenie Spôsob nadobudnutia Domovská knižnica Aktuálna knižnica Dátum nadobudnutia Total checkouts Total renewals Čiarový kód exemplára Date due Date last seen Date last checked out Typ exemplára
      Dar Obecná knižnica Horná Štubňa Obecná knižnica Horná Štubňa 30.01.2026 1 1 4736200849 04.04.2026 03.02.2026 03.02.2026 Krásna literatúra pre dospelých
Projekt je podporený Slovenskou asociáciou knižníc
Prevádzkuje Turčianska knižnica Martin 2026